45 - Né(es) un 14 février - Statistiques

Statistiques générales
  • Ce quiz a été pris 6 fois
  • Le résultat moyen est 3 sur 9
Statistiques - réponses
Hint Année de naissance Réponse % Correct
Acteur français. Vu dans "Les bronzés font du ski", "Papy fait de la résistance", "Trois hommes et un couffin", "La Vie dissolue de Gérard Floque", "Quatre garçons pleins d'avenir". 1942 Roland Giraud
80%
Milliardaire américain. Fonda une entreprise d'information financière. Maire de New-York de 2002 à 2013. 1942 Michael Rubens Bloomberg
60%
Réalisateur britannique de "Birdy", "Mississippi Burning", "Midnight Express", "Pink Floyd The Wall", "Evita". 1944 Alan Parker
40%
Acteur britannique. Vu dans "Blood and Ice Cream Trilogy", "Star Trek" (3e saga), "Hot Fuzz", "Paul", "Mission impossible ". 1970 Simon John Beckingham|Simon Pegg
40%
Fut membre de l’Académie française. Auteur de "Le Roi des montagnes", "L'Homme à l'oreille cassée", et "Le Nez d'un notaire". 1828 François Edmond Valentin About
20%
Dirigeant syndicaliste américain, connu pour ses liens avec la mafia. Il figura sur la liste des commanditaires potentiels de l’assassinat de John F. Kennedy. Il disparaît mystérieusement le 30 juillet 1975. 1913 James Riddle Hoffa|Jimmy Hoffa
20%
Sénateur de la Charente de 1948 à 1980. Candidat à l'élection présidentielle de 1965. Membre du Conseil constitutionnel de 1983 à 1987. 1910 Pierre Marcilhacy
20%
Dandy et homme politique français. Député de Basses-Alpes de 1906 à 1910. 1867 Boniface de Castellane-Novejean|Boni de Castellane
0%
Il fut à l'origine de la célèbre École de Francfort de 1930 à 1969. Un des fondateurs de la théorie critique (Kritische Theorie). 1895 Max Horkheimer
0%
Aucun quiz correspondant
Distribution des résultats
% des personnes avec chaque résultat
Percentile par nombre de réponses
Votre historique - résultats
Vous n’avez pas pris ce quiz